Small farm equipment for developing countries : proceedings of the International Conference on Small Farm Equipment for Developing Countries: Past Experiences and Future Priorities, 2-6 September 1986 [i.e. 1985]
The book gathers the papers presented at the conference “Small Farm Equipment for Developing Countries: Past Experiences and Future Priorities held at IRRI 2-7 September 1985. The papers share experiences in developing machines for small farmers and reviewed and evaluated the results.
Đã lưu trong:
| Định dạng: | Sách |
|---|---|
| Ngôn ngữ: | Undetermined |
| Được phát hành: |
Manila, Philippines
The international rice research institute
1986
|
| Những chủ đề: | |
| Các nhãn: |
Thêm thẻ
Không có thẻ, Là người đầu tiên thẻ bản ghi này!
|
| Thư viện lưu trữ: | Trung tâm Học liệu Trường Đại học Cần Thơ |
|---|
| LEADER | 01169nam a2200205Ia 4500 | ||
|---|---|---|---|
| 001 | CTU_122831 | ||
| 008 | 210402s9999 xx 000 0 und d | ||
| 082 | |a 338.1 | ||
| 082 | |b I.58 | ||
| 245 | 0 | |a Small farm equipment for developing countries : | |
| 245 | 0 | |b proceedings of the International Conference on Small Farm Equipment for Developing Countries: Past Experiences and Future Priorities, 2-6 September 1986 [i.e. 1985] | |
| 245 | 0 | |c sponsored by The United States Agency for International Development, The International Rice Research Institute | |
| 260 | |a Manila, Philippines | ||
| 260 | |b The international rice research institute | ||
| 260 | |c 1986 | ||
| 520 | |a The book gathers the papers presented at the conference “Small Farm Equipment for Developing Countries: Past Experiences and Future Priorities held at IRRI 2-7 September 1985. The papers share experiences in developing machines for small farmers and reviewed and evaluated the results. | ||
| 650 | |a Agricultural machinery,Farm equipment | ||
| 650 | |z Developing countries,Developing countries | ||
| 904 | |i Hiếu, Huỳnh Mai | ||
| 980 | |a Trung tâm Học liệu Trường Đại học Cần Thơ | ||